It looks like you're offline.
Open Library logo
additional options menu

MARC record from Internet Archive

LEADER: 01928cam 2200409Ia 4500
001 ocm53877206
003 OCoLC
005 20220529200454.0
008 031209s2004 caua 001 0 eng d
040 $aCNU$beng$cCNU$dIBI$dVP@$dYDXCP$dHEBIS$dZI0$dOCLCQ$dOCLCO$dOCLCQ$dOCLCO
020 $a0321205472$q(pbk.)
020 $a9780321205476$q(pbk.)
035 $a(OCoLC)53877206
050 14 $aTK7882.D93$bA3 2004
082 04 $a006.696$222
245 00 $aAdobe Encore DVD.
260 $aBerkeley, Calif. :$bAdobe Press,$c©2004.
300 $avii, 296 pages :$billustrations ;$c23 cm +$e1 DVD-ROM (4 3/4 in.).
336 $atext$btxt$2rdacontent
337 $aunmediated$bn$2rdamedia
338 $avolume$bnc$2rdacarrier
490 1 $aClassroom in a book
500 $a"The official training workbook from Adobe Systems, Inc."--Cover.
500 $aIncludes index.
500 $aAccompanying DVD-ROM contains lesson files for use with Adobe Encore DVD.
538 $aSystem requirements (Adobe Encore DVD): Intel Pentium III 800 MHz or faster processor (Pentium 4 and/or multiprocessor recommended), MS Windows XP Professional or Windows XP Home Edition, 256 MB of RAM (512 MB or more recommended), 500 MB of available hard-disk space required for installation, 2 GB of additional hard-disk space recommended for extra content, 10 GB or larger hard disk or disk array recommended for ongoing work, 1280 x 1024 32-bit color video display adapter (dual monitors recommended), DVD-ROM drive, supported DVD burner, Stereo sound card.
650 0 $aDVDs$xAuthoring programs.
630 00 $aAdobe Encore DVD.
650 7 $aAdobe Encore DVD$2gnd
710 2 $aAdobe Systems.
830 0 $aClassroom in a book.
938 $aYBP Library Services$bYANK$n1996811
029 1 $aAU@$b000025272529
029 1 $aHEBIS$b116065753
029 1 $aYDXCP$b1996811
994 $aZ0$bP4A
948 $hNO HOLDINGS IN P4A - 31 OTHER HOLDINGS